Automatické pracovisko na meranie elektrických a magnetických vlastností magnetorezistívnych a supravodivých tenkovrstvových materiálov

Salvato in:
Dettagli Bibliografici
Autore principale: Durec, Mário (Autore)
Altri autori: Lobotka, Peter (Relatore della tesi), Kukuča, Peter, 1953- (Relatore della tesi)
Natura: Manoscritto Libro
Lingua:slovacco
Pubblicazione: Bratislava : STU v Bratislave FEI, 2000
Soggetti:
Tags: Aggiungi Tag
Nessun Tag, puoi essere il primo ad aggiungerne!!

MARC

LEADER 00000ntm a22000003a 4500
001 stu56643
005 20160719164831.9
008 010206s2000------------------------slo-d
040 |a STU  |b slo 
041 0 |a slo 
100 1 |a Durec, Mário  |4 aut 
245 1 |a Automatické pracovisko na meranie elektrických a magnetických vlastností magnetorezistívnych a supravodivých tenkovrstvových materiálov 
260 |a Bratislava :  |b STU v Bratislave FEI,  |c 2000 
300 |a 60 s  |c príl. 
650 7 |a automatizácia  |2 stusub 
700 1 |a Lobotka, Peter  |4 ths 
700 1 |a Kukuča, Peter,  |d 1953-  |4 ths  |u E040  |U FEI Fakulta elektrotechniky a informatiky  |T FEI Ústav elektrotechniky  |X 1975  |U E040  |Y 550  |7 A000001975